Guess the Fusion Rock Song Lyrics #63 - Statistics

General Stats
  • This quiz has been taken 15 times
  • The average score is 332 of 461
Answer Stats
Answer % Correct
I
92%
is
92%
the
92%
a
85%
all
85%
All
85%
for
85%
have
85%
it
85%
It
85%
love
85%
Love
85%
me
85%
my
85%
My
85%
no
85%
of
85%
one
85%
that
85%
That
85%
this
85%
to
85%
you
85%
You
85%
And
77%
and
77%
But
77%
could
77%
feel
77%
has
77%
hear
77%
In
77%
in
77%
Oh
77%
only
77%
said
77%
Said
77%
Say
77%
say
77%
see
77%
so
77%
So
77%
them
77%
There
77%
will
77%
baby
69%
Baby
69%
day
69%
every
69%
give
69%
had
69%
how
69%
its
69%
loved
69%
make
69%
now
69%
time
69%
was
69%
why
69%
Ah
62%
As
62%
gave
62%
let
62%
much
62%
need
62%
ooh
62%
really
62%
take
62%
up
62%
came
54%
down
54%
some
54%
There's
54%
told
54%
won't
54%
darling
46%
DeBarge
46%
inside
46%
needed
46%
please
46%
seem
46%
way
46%
after
38%
Cause
38%
cause
38%
chance
38%
waiting
38%
found
31%
place
31%
sky
31%
sun
31%
sure
31%
Sure
31%
ways
31%
went
31%
answer
23%
getting
23%
half
23%
hurt
23%
learn
23%
learned
23%
offer
23%
pass
23%
problems
23%
solve
23%
sugar
23%
through
23%
convincing
15%
dearly
15%
hoo
15%
myself
15%
nough
15%
same
15%
sounded
15%
stronger
15%
wonder
15%
Ow
8%
put
8%
No matching quizzes found
Score Distribution
Percent of People with Each Score
Percentile by Number Answered
Your Score History
You have not taken this quiz